Detalles MARC
| 000 -CABECERA |
| fixed length control field |
01540Cam#a22004215a#4500 |
| 003 - CONTROL NUMBER IDENTIFIER |
| control field |
AR-BeUNQ |
| 005 - FECHA Y HORA DE LA ULTIMA TRANSACCION |
| control field |
20260213141143.0 |
| 008 - ELEMENTOS DE LONGITUD FIJA-INFORMACION GENERAL |
| fixed length control field |
141201s2014||||ag a ##b #000|0#spa#d |
| 020 ## - NUMERO INTERNACIONAL NORMALIZADO PARA LIBROS |
| Número Internacional Normalizado del libro |
9789876293761 |
| 040 ## - FUENTE DE CATALOGACION |
| Agencia de catalogación original |
AR-BeUNQ |
| Idioma de catalogación |
ESPAÑOL |
| Convenciones de la descripción |
aacr |
| Agencia que realiza la transcripción |
AR-BeUNQ |
| 044 ## - COUNTRY OF PUBLISHING/PRODUCING ENTITY CODE |
| MARC country code |
ag |
| 082 04 - NUMERO DE CLASIFICACION DECIMAL DEWEYMBER |
| Número de clasificación |
641.013 |
| Número de la edición |
21 |
| 245 03 - MENCION DE TITULO |
| Título |
El parrillero científico : |
| Otra información sobre el título |
trucos y secretos para hacer el fuego, asar la carne, preparar la ensalada y tomar el vino |
| Mención de responsabilidad, etc |
Diego Golombek (compilador) ; Roberto J. J. Williams... [et al.]. |
| 260 ## - PUBLICACION, DISTRIBUCION, ETC. |
| Lugar de publicación, distribución, etc. |
Buenos Aires : |
| Nombre del editor, distribuidor, etc. |
Siglo Veintiuno, |
| Fecha de publicación, distribución, etc |
2014. |
| 300 ## - DESCRIPCION FISICA |
| Extensión |
212 p. ; |
| Dimensiones |
19 cm. |
| 490 1# - MENCION DE SERIE |
| Mención de serie |
Ciencia que ladra... / dirigida por Diego Golombek |
| 650 #7 - ASIENTO SECUNDARIO DE MATERIA - TERMINO TEMATICO |
| Término temático o nombre geográfico como elemento de entrada |
Cocina |
| Fuente del encabezamiento o términ |
toit |
| 650 #7 - ASIENTO SECUNDARIO DE MATERIA - TERMINO TEMATICO |
| Término temático o nombre geográfico como elemento de entrada |
Ciencia |
| Fuente del encabezamiento o términ |
spines |
| 650 #7 - ASIENTO SECUNDARIO DE MATERIA - TERMINO TEMATICO |
| Término temático o nombre geográfico como elemento de entrada |
Divulgación científica |
| Fuente del encabezamiento o términ |
spines |
| 650 #7 - ASIENTO SECUNDARIO DE MATERIA - TERMINO TEMATICO |
| Término temático o nombre geográfico como elemento de entrada |
Alimentos |
| Fuente del encabezamiento o términ |
spines |
| 650 #7 - ASIENTO SECUNDARIO DE MATERIA - TERMINO TEMATICO |
| Término temático o nombre geográfico como elemento de entrada |
Preparación de comidas |
| Fuente del encabezamiento o términ |
toit |
| 650 #7 - ASIENTO SECUNDARIO DE MATERIA - TERMINO TEMATICO |
| Término temático o nombre geográfico como elemento de entrada |
Gastronomía |
| Fuente del encabezamiento o términ |
spines |
| 700 1# - ASIENTO SECUNDARIO - NOMBRE DE PERSONA |
| Personal name |
Golombek, Diego, |
| Relator term |
comp. |
| Relationship |
com |
| 700 1# - ASIENTO SECUNDARIO - NOMBRE DE PERSONA |
| Personal name |
Aliverti, Virginia, |
| Relator term |
aut. |
| Relationship |
aut |
| 700 1# - ASIENTO SECUNDARIO - NOMBRE DE PERSONA |
| Personal name |
Arbiser, Ariel, |
| Relator term |
aut. |
| Relationship |
aut |
| 700 1# - ASIENTO SECUNDARIO - NOMBRE DE PERSONA |
| Personal name |
Bacigalupo, Maju, |
| Relator term |
aut. |
| Relationship |
aut |
| 700 1# - ASIENTO SECUNDARIO - NOMBRE DE PERSONA |
| Personal name |
Barrutia, María, |
| Relator term |
aut. |
| Relationship |
aut |
| 700 1# - ASIENTO SECUNDARIO - NOMBRE DE PERSONA |
| Personal name |
Braceli, Juan, |
| Relator term |
aut. |
| Relationship |
aut |
| 700 1# - ASIENTO SECUNDARIO - NOMBRE DE PERSONA |
| Personal name |
Edelsztein, Valeria, |
| Relator term |
aut. |
| Relationship |
aut |
| 700 1# - ASIENTO SECUNDARIO - NOMBRE DE PERSONA |
| Personal name |
Koppmann, Mariana, |
| Relator term |
aut. |
| Relationship |
aut |
| 700 1# - ASIENTO SECUNDARIO - NOMBRE DE PERSONA |
| Personal name |
Lasta, Gregorio, |
| Relator term |
aut. |
| Relationship |
aut |
| 700 1# - ASIENTO SECUNDARIO - NOMBRE DE PERSONA |
| Personal name |
Rizzuto, Flavia, |
| Relator term |
aut. |
| Relationship |
aut |
| 700 1# - ASIENTO SECUNDARIO - NOMBRE DE PERSONA |
| Personal name |
Schwarzbaum, Pablo, |
| Relator term |
aut. |
| Relationship |
aut |
| 700 1# - ASIENTO SECUNDARIO - NOMBRE DE PERSONA |
| Personal name |
Williams, Roberto J. J., |
| Relator term |
aut. |
| Relationship |
aut |
| 830 #0 - ASIENTO SECUNDARIO DE SERIE--TITULO UNIFORME |
| Título uniforme |
Ciencia que ladra... (Siglo Veintiuno). |
| 929 ## - DATOS DE ADQUISICION |
| Procedencia |
DONACION |
| Precio |
0 |
| Patrimonio UNQ |
PAT0082225 |
| Número de inventario |
57396 |
| 942 ## - ELEMENTOS DE PUNTO DE ACCESO ADICIONAL (KOHA) |
| Tipo de ítem Koha |
Libros |
| Suppress in OPAC |
0 |